00221nam a2200085Ia 4500001000800000005001700008008004100025245004300066260002600109104307820250826232114.0250824s9999 xx 000 0 und d 0aKARANFİLLİ KAHVEcİLHAMİ ALKAN bÇINARALTI YAYINLARI